000 00289nam a22001337a 4500
008 181017b xxu||||| |||| 00| 0 eng d
020 _a9781416052968
041 _aeng
080 _a610
100 _a4
101 _aSHM
245 _aInstant Workups
_cO'Connell,Th.X
942 _2udc
_cBK
999 _c49983
_d49983